| 000 | 01066cam a22003014a 4500 | ||
|---|---|---|---|
| 020 | _a0486432297 (pbk.) | ||
| 082 | 0 | 0 |
_a516.24 _bDUR _cL-4, P-2 |
| 100 | 1 |
_aDurell, Clement V. _939337 |
|
| 245 | 1 | 0 |
_aAdvanced trigonometry / _cC.V. Durell and A. Robson. |
| 250 | _aDover Ed. | ||
| 260 |
_aLondon: _bG. bell and son ltd: _cc1953 |
||
| 300 |
_aviii, 336 p. : _bill. ; _c22 cm. |
||
| 500 | _aIncludes index. | ||
| 500 | _aOriginally published: London : G. Bell and Sons, Ltd., 1930. | ||
| 526 |
_a0 _b0 _c0 _d516_240000000000000_DUR |
||
| 526 |
_a0 _b0 _c0 _d516_240000000000000_DUR |
||
| 526 |
_a0 _b0 _c0 _d516_240000000000000_DUR |
||
| 526 |
_a0 _b0 _c0 _d516_240000000000000_DUR |
||
| 526 |
_a0 _b0 _c0 _d516_240000000000000_DUR |
||
| 526 |
_a0 _b0 _c0 _d516_240000000000000_DUR |
||
| 526 |
_a0 _b0 _c0 _d516_240000000000000_DUR |
||
| 526 |
_a0 _b0 _c0 _d516_240000000000000_DUR |
||
| 650 | 0 |
_aMCE _9379 |
|
| 650 | 0 |
_aTrigonometry. _939136 |
|
| 700 | 1 |
_aRobson, A. _939381 |
|
| 856 | 4 | 2 | _uhttp://www.loc.gov/catdir/enhancements/fy0614/2003057276-d.html |
| 942 |
_2ddc _cBK |
||
| 999 |
_c543881 _d543881 |
||